Music, arts, physical education & health 9 / (Record no. 10320)

MARC details
000 -LEADER
fixed length control field 00846nam a22002537a 4500
003 - CONTROL NUMBER IDENTIFIER
control field OSt
005 - DATE AND TIME OF LATEST TRANSACTION
control field 20260508022725.0
008 - FIXED-LENGTH DATA ELEMENTS--GENERAL INFORMATION
fixed length control field 260508b |||||||| |||| 00| 0 eng d
020 ## - INTERNATIONAL STANDARD BOOK NUMBER
International Standard Book Number 978-621-00-0320-8
040 ## - CATALOGING SOURCE
Original cataloging agency DWCL Main Lib.
Transcribing agency OC
082 ## - DEWEY DECIMAL CLASSIFICATION NUMBER
Classification number Fil. 700 M985 2016
100 ## - MAIN ENTRY--PERSONAL NAME
Personal name Concha. Argie A.
Relator term Author
245 ## - TITLE STATEMENT
Title Music, arts, physical education & health 9 /
Statement of responsibility, etc. Argie A. Concha [and three others]
260 ## - PUBLICATION, DISTRIBUTION, ETC.
Place of publication, distribution, etc. Quezon City, Philippines :
Name of publisher, distributor, etc. [name of publisher not identified],
Date of publication, distribution, etc. c2016,
300 ## - PHYSICAL DESCRIPTION
Extent viii, 86 pages:
Other physical details illustration;
Dimensions 26 cm.
650 ## - SUBJECT ADDED ENTRY--TOPICAL TERM
Topical term or geographic name entry element 1. Music.
650 ## - SUBJECT ADDED ENTRY--TOPICAL TERM
Topical term or geographic name entry element 2. Arts.
650 ## - SUBJECT ADDED ENTRY--TOPICAL TERM
Topical term or geographic name entry element 3. Physical Education.
650 ## - SUBJECT ADDED ENTRY--TOPICAL TERM
Topical term or geographic name entry element 4. Health.
700 ## - ADDED ENTRY--PERSONAL NAME
Personal name I. Ganzon, Carlo Luis C.
Relator term Author
700 ## - ADDED ENTRY--PERSONAL NAME
Personal name II. Tungala, Jessica S.
Relator term Author
700 ## - ADDED ENTRY--PERSONAL NAME
Personal name III. Fulgencio, Maria Gracia A.
Relator term Author
942 ## - ADDED ENTRY ELEMENTS (KOHA)
Source of classification or shelving scheme Dewey Decimal Classification
Koha item type Book-Filipiniana
Suppress in OPAC No
952 ## - LOCATION AND ITEM INFORMATION (KOHA)
--
Holdings
Withdrawn status Lost status Source of classification or shelving scheme Damaged status Not for loan Home library Current library Shelving location Date acquired Source of acquisition Total Checkouts Full call number Barcode Date last seen Copy number Price effective from Koha item type Uniform Resource Identifier
    Dewey Decimal Classification     Junior High School Library Junior High School Library Filipiniana 01/14/2017 Evaluation copy   Fil. 700 M985 2016 JHS - 19109 05/08/2026 c1 05/08/2026 BK-FIL